[Event "Greenland Open"]
[Site "Qaqortoq GRL"]
[Date "2003.06.29"]
[Round "6"]
[White "Naes,F"]
[Black "Nikolic,Pr"]
[Result "0-1"]
[WhiteElo "2324"]
[BlackElo "2643"]

1.Nf3 d5 2.d4 c6 3.c4 e6 4.Nc3 Nf6 5.g3 dxc4 6.Bg2 Nbd7 7.O-O Bb4 8.Bf4 O-O
9.Qc2 Nd5 10.Ng5 g6 11.Bd2 Be7 12.h4 b5 13.a4 b4 14.Nce4 Ba6 15.Rfe1 Qb6
16.Rad1 c5 17.dxc5 Nxc5 18.Nxc5 Bxc5 19.Ne4 Be7 20.Bh6 Rfd8 21.h5 Rac8 22.Bh3 Bb7
23.Ng5 Ne3 24.Rxd8+ Qxd8 25.fxe3 Bxg5 26.hxg6 Bxh6 27.gxf7+ Kh8 28.Bxe6 Qd6  0-1

[Event "Greenland Open"]
[Site "Qaqortoq GRL"]
[Date "2003.06.30"]
[Round "7"]
[White "McShane,L"]
[Black "Nikolic,Pr"]
[Result "1-0"]
[WhiteElo "2592"]
[BlackElo "2643"]

1.e4 d6 2.d4 Nf6 3.Bd3 g6 4.Nf3 Bg7 5.c3 O-O 6.O-O Nc6 7.h3 e5 8.Re1 a6 9.Na3 Nd7
10.Nc2 h6 11.dxe5 Ncxe5 12.Bf1 Nxf3+ 13.Qxf3 Nc5 14.Be3 Na4 15.Rab1 Be6 16.Nd4 Bd7
17.Bd2 b5 18.b3 Nb6 19.Bf4 Re8 20.Rbd1 Qe7 21.Qg3 Kh7 22.Nc2 Bc6 23.Nd4 Bb7
24.Bd3 Rad8 25.Bd2 b4 26.Ne2 Bxe4 27.Nf4 d5 28.cxb4 Qd6 29.Bxa6 Be5 30.h4 Qf6
31.Rc1 Rd6 32.Qe3 Bb2 33.Rcd1 Bd4 34.Qh3 Nd7 35.b5 Ra8 36.Bb4 Nc5 37.Rxd4 Nxa6
38.Bxd6 cxd6 39.bxa6 Qxd4 40.Qd7 Kg8 41.Rc1 Bf5 42.Qb7 Ra7 43.Qb8+ Kg7 44.Ne2 Qd2
45.Qxa7 Qxe2 46.Qd4+ Kh7 47.a7 Qa6 48.Rc7 Be6 49.Qf6 Qxa2 50.Qxe6  1-0

[Event "Greenland Open"]
[Site "Qaqortoq GRL"]
[Date "2003.06.30"]
[Round "8"]
[White "Nikolic,Pr"]
[Black "Bjarnason,S"]
[Result "1-0"]
[WhiteElo "2643"]
[BlackElo "2258"]

1.d4 Nf6 2.c4 g6 3.Nf3 Bg7 4.g3 O-O 5.Bg2 d6 6.O-O c6 7.Nc3 Bf5 8.b3 Ne4
9.Bb2 Nxc3 10.Bxc3 Nd7 11.e3 Be4 12.Bh3 d5 13.Ng5 h6 14.Nxe4 dxe4 15.Qc2 f5
16.Rad1 Qc7 17.f3 exf3 18.e4 e6 19.Rxf3 Nf6 20.exf5 exf5 21.Bg2 Rfe8 22.Rfd3 Ne4
23.Bb2 Rad8 24.Re3 Ng5 25.Rxe8+ Rxe8 26.d5 cxd5 27.Bxd5+ Kh7 28.Bc1 b6 29.Kg2 Qe5
30.Rf1 Ne4 31.Bf4 Qf6 32.Re1 Re7 33.h4 g5 34.hxg5 hxg5 35.Bc1 Qe5 36.Qd3 Kg6
37.g4 Qd4 38.gxf5+ Kxf5 39.Qf3+  1-0

[Event "ECC"]
[Site "Rethymnon GRE"]
[Date "2003.09.28"]
[Round "1"]
[White "Nikolic,Pr"]
[Black "Kotz,H"]
[Result "1-0"]
[WhiteElo "2649"]
[BlackElo "2354"]

1.d4 Nf6 2.c4 g6 3.Nf3 Bg7 4.g3 O-O 5.Bg2 d6 6.O-O Nc6 7.Nc3 a6 8.h3 Rb8
9.e4 b5 10.e5 Nd7 11.cxb5 axb5 12.Ng5 dxe5 13.Bxc6 exd4 14.Nxb5 Rb6 15.Na7 Ba6
16.Re1 Nb8 17.Qa4 e5 18.Bg2 c5 19.b3 h6 20.Ne4 Qc7 21.Ba3 Nd7 22.Rac1 Qxa7
23.Nxc5 Rd8 24.Bf1 Bf8 25.Nxa6 Bxa3 26.Qxa3 d3 27.Qe7 Rf8 28.Bxd3 Rf6 29.Nc5  1-0

[Event "ECC"]
[Site "Rethymnon GRE"]
[Date "2003.09.29"]
[Round "2"]
[White "Mchedlishvili,M"]
[Black "Nikolic,Pr"]
[Result "1/2-1/2"]
[WhiteElo "2566"]
[BlackElo "2649"]

1.c4 e5 2.Nc3 Nc6 3.g3 g6 4.Bg2 Bg7 5.d3 f5 6.Rb1 a5 7.e3 Nf6 8.a3 Qe7 9.Nge2 O-O
10.O-O d6 11.b4 axb4 12.axb4 Qf7 13.Bd2 Be6 14.b5 Nd8 15.Qb3 Nd7 16.Qc2 Nf6
17.Rbc1 g5 18.f4 gxf4 19.exf4 c6 20.Rce1 Qc7 21.h3 Nf7 22.Be3 Nd7 23.Qd2 Nf6
24.bxc6 bxc6 25.c5 Nd7 26.cxd6 Qxd6 27.fxe5 Bxe5 28.Nf4 Nf6 29.Nce2 Rfe8
30.Qc1 Ra5 31.Bf2  1/2-1/2

[Event "ECC"]
[Site "Rethymnon GRE"]
[Date "2003.09.30"]
[Round "3"]
[White "O'Donovan,R"]
[Black "Nikolic,Pr"]
[Result "0-1"]
[WhiteElo "2162"]
[BlackElo "2649"]

1.e4 d6 2.d4 g6 3.Nf3 Bg7 4.Nc3 Nf6 5.h3 O-O 6.Be3 c6 7.a4 Qc7 8.Bd3 e5 9.O-O Re8
10.a5 Nbd7 11.dxe5 dxe5 12.Bc4 Nf8 13.Ng5 Be6 14.Nxe6 Nxe6 15.Bxe6 Rxe6 16.Qe2 Bf8
17.Qc4 Ne8 18.Rfd1 h5 19.Qa4 Rd6 20.Rxd6 Bxd6 21.Rd1 Ng7 22.b4 a6 23.Qb3 Qe7
24.Rb1 Rd8 25.Na4 Ne6 26.c3 Qh4 27.Qc2 Bf8 28.Nb6 Kh7 29.Nc4 Bg7 30.Nd2 Rd7
31.Nf3 Qd8 32.Bb6 Qe7 33.Rd1 f6 34.g3 Bh6 35.Kg2 Rd6 36.Rd3 Qd7 37.Ne1 h4
38.Rxd6 Qxd6 39.Qd3 Qxd3 40.Nxd3 hxg3 41.fxg3 Bd2 42.c4 Ng5 43.Nc5 Bxb4 44.Nxb7 Nxe4
45.Nd8 c5 46.Ne6 Nd2 47.Nxc5 Bxc5 48.Bxc5 Nxc4 49.Bb4 f5 50.Kf2 Kg7 51.Ke2 e4  0-1

[Event "ECC"]
[Site "Rethymnon GRE"]
[Date "2003.10.01"]
[Round "4"]
[White "Nikolic,Pr"]
[Black "Tihonov,J"]
[Result "1/2-1/2"]
[WhiteElo "2649"]
[BlackElo "2382"]

1.d4 Nf6 2.Nf3 g6 3.g3 Bg7 4.Bg2 O-O 5.O-O c6 6.c4 d6 7.Nc3 Bf5 8.b3 Ne4
9.Bb2 Nxc3 10.Bxc3 Be4 11.e3 e6 12.Qe2 d5 13.Rfc1 Nd7 14.Bf1 Bxf3 15.Qxf3 f5
16.b4 Nb6 17.c5 Na4 18.Be1 Qd7 19.Rab1 b5 20.Bd3 e5 21.Qd1 f4 22.dxe5 fxe3
23.f4 Qh3 24.Bf1 Qf5 25.Bd3 Qh3 26.Bf1 Qf5 27.Qd4 g5 28.Qxe3 gxf4 29.gxf4 Qxf4
30.Qxf4 Rxf4 31.Bg3 Rf7 32.Rb3 Re8 33.Re1 Rfe7 34.Bh3 a5 35.a3 axb4 36.axb4 Bxe5
37.Bxe5 Rxe5 38.Rg3+ Kh8 39.Rxe5 Rxe5 40.Bd7 d4 41.Bxc6 Nc3 42.Rd3 Kg7 43.Kf1 Rf5+
44.Kg2 Rf4 45.Bf3 Kf6 46.c6 Ke7 47.Kg3 Rf6 48.h3 Rd6 49.Kf4 Nd5+ 50.Bxd5 Rxd5
51.Ke4 Rd6 52.c7 Rc6 53.Ke5 Rxc7 54.Rxd4 Rc6 55.Rh4 h6 56.Kd5 Rc3 57.Ke5 Rc6
58.Rg4 Kf7 59.h4 Rc1 60.Rd4 Kg6 61.Rd5 Kh5 62.Rxb5 Kxh4 63.Kf5 h5 64.Rc5 Rb1
65.Rc4+ Kg3 66.Kg5 Kf3  1/2-1/2

[Event "ECC"]
[Site "Rethymnon GRE"]
[Date "2003.10.02"]
[Round "5"]
[White "Lahno,Kateri"]
[Black "Nikolic,Pr"]
[Result "1/2-1/2"]
[WhiteElo "2439"]
[BlackElo "2649"]

1.e4 e5 2.Nf3 Nc6 3.Bb5 a6 4.Ba4 Nf6 5.O-O Be7 6.Re1 b5 7.Bb3 d6 8.c3 O-O
9.h3 Re8 10.Ng5 Rf8 11.Nf3 h6 12.d4 Re8 13.Nbd2 Bf8 14.a4 Bb7 15.Bc2 Nb8
16.Bd3 c6 17.Nf1 Nbd7 18.Ng3 g6 19.Be3 Bg7 20.Qd2 Kh7 21.Nh2 d5 22.f3 Qc7
23.Qf2 Kg8 24.Bc2 h5 25.dxe5 Nxe5 26.Bb6 Qb8 27.exd5 Nxd5 28.Bd4 Nf4 29.Rad1 Ne6
30.Be3 Nc4 31.Bc1 Qc7 32.Ne4 Rad8 33.Nf1 c5 34.axb5 axb5 35.Qh4 Rxd1 36.Rxd1 Qe7
37.Qxe7 Rxe7 38.Ne3 Nxe3 39.Bxe3 Rc7 40.Nd6 Bc6 41.Ne4 c4 42.Kf2 Rc8 43.g4 hxg4
44.hxg4 Be5 45.Nc5 Nxc5 46.Bxc5 Ra8 47.Bb1 Kg7 48.Bd4 Bxd4+ 49.Rxd4 Ra1 50.Be4 Bxe4
51.Rxe4 Rb1 52.Re2 Kf6 53.Kg3 g5 54.Kg2 Kg6 55.Kg3 f6 56.Kg2 Kg7 57.Re7+ Kf8
58.Re2 Kf7 59.Kf2 f5 60.gxf5 Kf6 61.Kg2 Kxf5 62.Kg3 Rg1+ 63.Kf2 Rd1 64.Kg3 Rb1
65.Kg2  1/2-1/2

[Event "ECC"]
[Site "Rethymnon GRE"]
[Date "2003.10.03"]
[Round "6"]
[White "Nikolic,Pr"]
[Black "Knaak,R"]
[Result "1/2-1/2"]
[WhiteElo "2649"]
[BlackElo "2480"]

1.d4 d5 2.c4 c6 3.Nf3 Nf6 4.Nc3 e6 5.Bg5 dxc4 6.e4 b5 7.e5 h6 8.Bh4 g5 9.Nxg5 hxg5
10.Bxg5 Nbd7 11.exf6 Bb7 12.g3 c5 13.d5 Qc7 14.Bg2 b4 15.d6 Qb6 16.Ne4 O-O-O
17.O-O Ne5 18.a3 b3 19.Rc1 Bd5 20.Qe2 Bxd6 21.Rc3 Bc7 22.h4 Nd3 23.Rxd3 cxd3
24.Qxd3 c4 25.Qc3 Qc6 26.Re1 Kb7 27.Bf3 Ka6 28.Qb4 Bb6 29.Be3 Rc8 30.Bxb6 axb6
31.Qc3 Rcg8 32.Kf1 Rc8 33.Re3 b5 34.Kg2 Rhd8 35.h5 Bxe4 36.Bxe4 Qd6 37.Re2 Rc5
38.h6 Rh5 39.h7 Qd1 40.Re1 Qg4 41.Qf3 Qh3+ 42.Kg1 Qh2+ 43.Kf1 Rd2 44.Qf4 Rhd5
45.Bxd5 Rxd5 46.Qc7  1/2-1/2

[Event "ECC"]
[Site "Rethymnon GRE"]
[Date "2003.10.04"]
[Round "7"]
[White "Stanojoski,Z"]
[Black "Nikolic,Pr"]
[Result "1/2-1/2"]
[WhiteElo "2496"]
[BlackElo "2649"]

1.c4 e5 2.Nc3 Nc6 3.g3 g6 4.Bg2 Bg7 5.d3 f5 6.Bd2 Nf6 7.Qc1 O-O 8.h4 d6 9.Nd5 Nd4
10.Nxf6+ Qxf6 11.h5 c6 12.hxg6 hxg6 13.e3 Ne6 14.Bc3 Bd7 15.Qc2 Rab8 16.f4 Qe7
17.O-O-O b5 18.fxe5 dxe5 19.Nf3 Nc5 20.Bb4 a5 21.d4 axb4 22.dxc5 Rf6 23.Ng5 e4
24.cxb5 cxb5 25.Rxd7 Qxd7 26.Qb3+ Rf7 27.Kb1 Qe7 28.Nxf7 Qxf7 29.Qxb4 Qd5
30.Qb3 Qxb3 31.axb3 b4 32.g4 Kf7 33.c6 Be5 34.Rh7+ Kf6 35.gxf5 gxf5 36.Bh3 Kg6
37.Re7 Bg3 38.Bf1 Rc8 39.Re6+ Kg5 40.Ba6 Rc7 41.Kc2 Rh7 42.Re8 Bd6 43.Rd8 Be5
44.Re8 Bd6 45.Rd8  1/2-1/2

[Event "2nd Milk Tournament"]
[Site "Selfoss ISL"]
[Date "2003.10.30"]
[Round "2"]
[White "Vallejo Pons,F"]
[Black "Nikolic,Pr"]
[Result "1/2-1/2"]
[WhiteElo "2662"]
[BlackElo "2647"]

1.e4 e5 2.Nf3 Nc6 3.Bb5 a6 4.Ba4 Nf6 5.O-O Be7 6.Re1 b5 7.Bb3 d6 8.c3 O-O
9.h3 Na5 10.Bc2 c5 11.d4 Qc7 12.Bg5 Nc4 13.b3 Nb6 14.Nbd2 Re8 15.Rc1 h6 16.Bh4 Nh7
17.Bg3 Bf6 18.b4 c4 19.a4 bxa4 20.Bxa4 Nxa4 21.Qxa4 Bd7 22.Qa2 Bb5 23.Nf1 Ng5
24.Nxg5 Bxg5 25.Rcd1 a5 26.dxe5  1/2-1/2

[Event "2nd Milk Tournament"]
[Site "Selfoss ISL"]
[Date "2003.10.31"]
[Round "3"]
[White "Nikolic,Pr"]
[Black "Fressinet,L"]
[Result "1-0"]
[WhiteElo "2647"]
[BlackElo "2654"]

1.d4 d5 2.c4 c6 3.cxd5 cxd5 4.Nc3 Nf6 5.Nf3 a6 6.Bf4 Nc6 7.e3 Bg4 8.Bd3 e6
9.h3 Bxf3 10.Qxf3 h6 11.Rc1 Bd6 12.O-O O-O 13.a3 Rc8 14.Rfd1 Qe7 15.Bxd6 Qxd6
16.Na4 Rc7 17.Rc3 Rd8 18.Qe2 e5 19.dxe5 Qxe5 20.Nc5 d4 21.exd4 Qxe2 22.Bxe2 Nxd4
23.Kf1 Rdc8 24.Rxd4 Rxc5 25.Rxc5 Rxc5 26.Bf3 Rc7 27.Rd8+ Kh7 28.Rb8 Rc1+
29.Ke2 Rc2+ 30.Kd3 Rxb2 31.Kc3 Ra2 32.Kb3 Rxf2 33.Rxb7 Rd2 34.Rxf7 Nd7 35.Rf5 Rd6
36.Kb4 Nb8 37.Rc5 g5 38.Ka5 Rd4 39.Rd5 Rc4 40.Kb6 Rc3 41.a4 a5 42.Rd6 Kg7
43.Kxa5 h5 44.Kb6 Kf7 45.Rd8 Rb3+ 46.Ka7 Rxf3 47.gxf3 Nc6+ 48.Kb6 Nxd8 49.a5  1-0

[Event "2nd Milk Tournament"]
[Site "Selfoss ISL"]
[Date "2003.11.02"]
[Round "4"]
[White "Nikolic,Pr"]
[Black "De Firmian,N"]
[Result "1-0"]
[WhiteElo "2647"]
[BlackElo "2553"]

1.d4 Nf6 2.c4 e6 3.Nf3 c5 4.d5 exd5 5.cxd5 d6 6.Nc3 g6 7.g3 Bg7 8.Bg2 O-O
9.O-O a6 10.a4 Nbd7 11.Bf4 Qc7 12.e4 Ng4 13.Nd2 Nge5 14.Qc2 Rb8 15.a5 b5
16.axb6 Nxb6 17.h3 Nbc4 18.Nxc4 Nxc4 19.Ra2 Rb4 20.Rb1 Re8 21.b3 Ne5 22.Ra4 f5
23.Kh2 Nf7 24.Bd2 fxe4 25.Nxe4 Rxa4 26.bxa4 Bf5 27.Qc4 Bd4 28.Qxa6 Rxe4 29.Qa8+ Kg7
30.Rb7 Qxb7 31.Qxb7 Re2 32.Bh6+ Kf6 33.Bf8 Re8 34.g4 Rxf8 35.gxf5 Re8 36.Bf1 Re1
37.Kg2 Ra1 38.fxg6 hxg6 39.Qb3 Nh6 40.Bd3 Nf5 41.Bxf5 gxf5 42.h4 f4 43.Qh3 Be5
44.Qc8 Ra2 45.Kf3 Kg7 46.a5  1-0

[Event "2nd Milk Tournament"]
[Site "Selfoss ISL"]
[Date "2003.11.03"]
[Round "5"]
[White "Thorhallsson,T"]
[Black "Nikolic,Pr"]
[Result "0-1"]
[WhiteElo "2444"]
[BlackElo "2647"]

1.e4 e6 2.d4 d5 3.Nc3 Bb4 4.Qd3 dxe4 5.Qxe4 Nf6 6.Qh4 Bd7 7.a3 Bxc3+ 8.bxc3 Bc6
9.f3 Nbd7 10.Bd3 e5 11.Ne2 Qe7 12.O-O O-O-O 13.Ng3 Nd5 14.Bg5 f6 15.Bd2 h5
16.Nf5 Qf7 17.c4 N5b6 18.d5 Ba4 19.Bb4 Kb8 20.Be7 Rde8 21.c5 Nxd5 22.Qxa4 Rxe7
23.Nxe7 Qxe7 24.c6 Nc5 25.Qb5 b6 26.Be4 a6 27.Qe2 Nf4 28.Qf2 g6 29.Rad1 Rd8
30.c4 Rd4 31.Kh1 f5 32.Bd5 Ncd3 33.Qe3 Qd6 34.g3 Nxd5 35.cxd5 Qxd5 36.Rd2 Ka7
37.Kg1 a5 38.Rfd1 e4 39.fxe4 fxe4 40.Rf1 Rc4 41.Rf6 Qe5 42.Rf7 Qd6 43.Re2 Ne5
44.Rf4 Ng4 45.Qd2 Qxc6 46.Rf1 e3 47.Qd3  0-1

[Event "2nd Milk Tournament"]
[Site "Selfoss ISL"]
[Date "2003.11.04"]
[Round "6"]
[White "Nikolic,Pr"]
[Black "Rowson,J"]
[Result "1/2-1/2"]
[WhiteElo "2647"]
[BlackElo "2541"]

1.d4 Nf6 2.Nf3 g6 3.g3 Bg7 4.Bg2 d5 5.O-O O-O 6.c4 Nc6 7.Nbd2 a5 8.e3 a4
9.Qe2 e6 10.Rd1 b6 11.Rb1 Nb4 12.a3 Nc6 13.Qd3 Bb7 14.Qc2 Qd6 15.Ne1 Rfc8
16.Nd3 Nd7 17.Nf4 Ne7 18.cxd5 Nxd5 19.Ne4 Qe7 20.Nc3 Nxc3 21.bxc3 Bxg2 22.Kxg2 Nf6
23.c4 e5 24.dxe5 Qxe5 25.Bb2 Qe4+ 26.Qxe4 Nxe4 27.f3 Nd6 28.Bxg7 Kxg7 29.Rbc1 Ra5
30.Nd3 Nb7 31.Kf2 Rd8 32.Ke2 Re8 33.Rc3 Kf8 34.h4 h5 35.Nb4 Rc5 36.Rd5 Rd8
37.Rxd8+ Nxd8 38.Nd3 Rc6 39.Nb2 Nb7 40.Nxa4 Nd6 41.c5 bxc5 42.Nxc5 Ke7 43.a4 Nb7
44.Ne4 Rxc3 45.Nxc3 Kd6 46.Kd3 Kc5 47.Nb5 Kb6 48.Kc4 c6 49.Nd4 Nd6+ 50.Kb3 c5
51.Ne2 Nf5 52.e4 Ne3 53.Kc3 Ka5 54.Kd3 Nf1 55.Kc4 Nd2+ 56.Kxc5 Nxf3 57.Kd6 Kxa4
58.Ke7 g5 59.Kxf7 gxh4 60.gxh4 Nxh4 61.e5 Nf3  1/2-1/2

[Event "2nd Milk Tournament"]
[Site "Selfoss ISL"]
[Date "2003.11.05"]
[Round "7"]
[White "Malakhov,V"]
[Black "Nikolic,Pr"]
[Result "1/2-1/2"]
[WhiteElo "2696"]
[BlackElo "2647"]

1.Nf3 Nf6 2.c4 b6 3.d3 c5 4.e4 d6 5.h3 g6 6.g3 Bg7 7.Bg2 Bb7 8.O-O O-O 9.Nc3 Nc6
10.Be3 e5 11.Nh2 Nd4 12.Qd2 Ne8 13.g4 Nc7 14.f4 exf4 15.Bxf4 Nce6 16.Be3 Qd7
17.g5 f5 18.gxf6 Rxf6 19.Ng4 Rxf1+ 20.Rxf1 Rf8 21.Rxf8+ Kxf8 22.Nd5 Qf7 23.Kh1 Nf3
24.Qf2 Bxd5 25.cxd5 Ned4 26.Nh6 Qf6 27.Ng4 Qf7 28.Qg3 Ne5 29.Qh4 Nxg4 30.Qxg4 Kg8
31.Qc8+ Qf8 32.Qg4 Qf7 33.Qc8+ Qf8 34.Qg4 Qf7  1/2-1/2

[Event "2nd Milk Tournament"]
[Site "Selfoss ISL"]
[Date "2003.11.06"]
[Round "8"]
[White "Nikolic,Pr"]
[Black "Stefansson,H"]
[Result "1-0"]
[WhiteElo "2647"]
[BlackElo "2567"]

1.d4 d5 2.c4 c6 3.Nc3 Nf6 4.Nf3 a6 5.c5 Nbd7 6.Bf4 Nh5 7.e3 g6 8.h4 Nxf4
9.exf4 Bg7 10.h5 b6 11.cxb6 Qxb6 12.Qd2 Rb8 13.b3 c5 14.Nxd5 Qe6+ 15.Ne3 cxd4
16.Nxd4 Qe4 17.Rd1 Qxf4 18.Nc6 Qc7 19.Rc1 Ra8 20.Nxe7 Qd8 21.Nc6 Qg5 22.Qb4 Ne5
23.hxg6 hxg6 24.Rxh8+ Bxh8 25.Be2 Nxc6 26.Qe4+  1-0

[Event "2nd Milk Tournament"]
[Site "Selfoss ISL"]
[Date "2003.11.07"]
[Round "9"]
[White "Sokolov,I"]
[Black "Nikolic,Pr"]
[Result "1/2-1/2"]
[WhiteElo "2695"]
[BlackElo "2647"]

1.d4 d5 2.Nf3 Nf6 3.c4 c6 4.e3 Bf5 5.Nc3 e6 6.Nh4 Bg6 7.Qb3 Qb6 8.Nxg6 hxg6
9.Bd2 Nbd7 10.h3 g5 11.O-O-O Qxb3 12.axb3 g4 13.g3 Be7 14.Bg2 gxh3 15.Bxh3 O-O-O
16.Rdf1 Rh7 17.Bg2 Rdh8 18.Rxh7 Rxh7 19.Rh1 Rxh1+ 20.Bxh1  1/2-1/2

[Event "TCh-SLO"]
[Site "Celje SLO"]
[Date "2003.11.17"]
[Round "1"]
[White "Nikolic,Pr"]
[Black "Palac,M"]
[Result "0-1"]
[WhiteElo "2647"]
[BlackElo "2534"]

1.d4 Nf6 2.Nf3 e6 3.g3 c5 4.Bg2 cxd4 5.Nxd4 d5 6.O-O e5 7.Nb3 Be6 8.c4 Nc6
9.cxd5 Nxd5 10.Bd2 Be7 11.Nc3 Nxc3 12.Bxc3 Qb6 13.Nd2 O-O 14.Qa4 Nd4 15.Rfe1 Rfd8
16.Rac1 Rac8 17.e3 Nb5 18.Bb4 Bxb4 19.Qxb4 a5 20.Qe7 Nd6 21.Nb3 a4 22.Nc5 Re8
23.Nxa4 Qb4 24.Qh4 Rc4 25.Qh5 Bg4 26.Qh4 Nf5 27.Qg5 h6  0-1

[Event "TCh-SLO"]
[Site "Celje SLO"]
[Date "2003.11.18"]
[Round "3"]
[White "Nikolic,Pr"]
[Black "Ruck,R"]
[Result "0-1"]
[WhiteElo "2647"]
[BlackElo "2551"]

1.d4 Nf6 2.Nf3 g6 3.g3 Bg7 4.Bg2 d5 5.O-O O-O 6.c4 dxc4 7.Na3 Nc6 8.Nxc4 Be6
9.b3 a5 10.Bb2 Bd5 11.Ne3 Be4 12.a3 Qc8 13.Nc4 Rd8 14.e3 Bd5 15.Rc1 Qe6 16.Qe2 h6
17.Rfd1 Ne8 18.Re1 f5 19.Ncd2 Nf6 20.Ne5 Bxg2 21.Kxg2 Nxe5 22.dxe5 Qd5+ 23.Nf3 Ne4
24.Red1 Qxb3 25.Nd4 Qb6 26.f3 c5 27.fxe4 cxd4 28.exd4 fxe4 29.Ba1 Rac8 30.Qxe4 Rxc1
31.Rxc1 Qb3 32.Qxg6 Rf8 33.Bc3 Qxa3 34.Bd2 Qa2 35.Rc2 Qd5+ 36.Kh3 Qxd4 37.Bf4 Qd5
38.Rc7 Qf7 39.Qe4 Qe6+ 40.Kg2 b5 41.Rc6 Qf5 42.Qxf5 Rxf5 43.Rc5  0-1

[Event "TCh-SLO"]
[Site "Celje SLO"]
[Date "2003.11.19"]
[Round "4"]
[White "Stevic,H"]
[Black "Nikolic,Pr"]
[Result "0-1"]
[WhiteElo "2555"]
[BlackElo "2647"]

1.e4 e6 2.d4 d5 3.e5 c5 4.c3 Bd7 5.Nf3 Nc6 6.Be2 Nge7 7.Na3 Ng6 8.h4 cxd4
9.cxd4 h6 10.h5 Bxa3 11.bxa3 Nge7 12.Rb1 Na5 13.Bd2 Bc6 14.Bb4 Nc4 15.Nd2 Nf5
16.O-O Nxd4 17.Bxc4 dxc4 18.Nxc4 Nf3+ 19.gxf3 Qg5+ 20.Kh2 Qh4+ 21.Kg1 Qxc4
22.Bd6 Qh4 23.Re1 Qg5+ 24.Kf1 Qxh5 25.Rb3 Rd8 26.Qd3 Rd7 27.Ke2 f6 28.Qc4 Kf7
29.Qg4 Qg5 30.Rg1 Rc8 31.f4 Qxg4+ 32.Rxg4 Be4 33.Rb2 Rc4 34.f3 Bc6 35.Kf2 f5
36.Rh4 Rd8 37.Kg3 Rc3 38.Rb3 Rxb3 39.axb3 Bd5 40.Rh2 Rc8 41.Bb4 Bxb3 42.Rd2 Bd5
43.Rd3 b6 44.Rc3 Rxc3 45.Bxc3 Ke8 46.Bb4 g6 47.Bd6 Kd7 48.Kf2 Kc6 49.Ke3 Kb5
50.Kd4 Bxf3 51.Kc3 g5 52.Bf8 g4  0-1

[Event "TCh-SLO"]
[Site "Celje SLO"]
[Date "2003.11.22"]
[Round "8"]
[White "Beliavsky,A"]
[Black "Nikolic,Pr"]
[Result "1-0"]
[WhiteElo "2667"]
[BlackElo "2647"]

1.d4 Nf6 2.c4 e6 3.Nf3 b6 4.g3 Ba6 5.Qb3 Be7 6.Nc3 Bb7 7.Bg2 Nc6 8.Qd1 Na5
9.b3 d5 10.cxd5 exd5 11.O-O O-O 12.Bb2 c5 13.dxc5 bxc5 14.e3 Rb8 15.Qc2 Nc6
16.Rad1 Qc8 17.Nh4 Nb4 18.Nf5 Re8 19.Qb1 Bf8 20.a3 Na6 21.Nxd5 Nxd5 22.Bxd5 Bxd5
23.Rxd5 Nc7 24.Re5 Ne6 25.Qd1 Rd8 26.Rd5 Qb7 27.e4 Qxb3 28.Qg4 g6 29.Be5 h5
30.Qh4 Rxd5 31.exd5 Qxd5 32.Qf6 Ng7 33.Ne7+  1-0

[Event "Bundesliga 2003-4"]
[Site "Solingen GER"]
[Date "2003.12.14"]
[Round "6"]
[White "Nikolic,Pr"]
[Black "Hickl,J"]
[Result "1-0"]
[WhiteElo "2647"]
[BlackElo "2562"]

1.d4 d6 2.Nf3 Nf6 3.g3 Nbd7 4.Bg2 e5 5.c4 c6 6.Nc3 Be7 7.O-O O-O 8.Qc2 Re8
9.Rd1 Qc7 10.b3 Bf8 11.Bb2 b6 12.Rac1 Bb7 13.e3 a6 14.c5 exd4 15.cxd6 Bxd6
16.Nxd4 Be5 17.Nf5 c5 18.f4 Bxc3 19.Qxc3 Bxg2 20.Kxg2 Re6 21.Kg1 h5 22.Rd3 Nf8
23.e4 Qb7 24.e5 Nd5 25.Qc4 Nb4 26.Nd6 Qa7 27.Rd2 Nxa2 28.Rf1 b5 29.Qe4 Nb4
30.f5 Rh6 31.Re2 Rd8 32.e6 Nxe6 33.Nxf7 c4+ 34.Rff2 Qxf7 35.fxe6 Qg6 36.e7 Re8
37.Rf8+ Rxf8 38.exf8=Q+ Kxf8 39.Qa8+  1-0

[Event "Bundesliga 2003-4"]
[Site "Stuttgart GER"]
[Date "2004.02.14"]
[Round "8"]
[White "Nikolic,Pr"]
[Black "Schmittdiel,E"]
[Result "1/2-1/2"]
[WhiteElo "2648"]
[BlackElo "2483"]

1.d4 f5 2.g3 Nf6 3.Bg2 e6 4.c4 d5 5.Nh3 c6 6.O-O Bd6 7.Bf4 Be7 8.Nd2 O-O
9.Nf3 h6 10.Ne5 g5 11.Bd2 Kg7 12.Qc1 Ne4 13.Be3 Nd7 14.f3 Nd6 15.c5 Nf7 16.f4 Nfxe5
17.fxe5 b6 18.cxb6 Qxb6 19.Nf2 Ba6 20.h4 Kg6 21.hxg5 hxg5 22.Nh3 Rac8 23.Bxg5 Qxd4+
24.Rf2 Bc5 25.Bh6 Qxe5 26.Qg5+ Kf7 27.Bf3 Nf6 28.Qg7+ Ke8 29.Bf4 Qxb2 30.Bh5+ Kd8
31.Ng5 Qxa1+ 32.Kg2 Be7 33.Bd6 Rc7 34.Bxe7+ Rxe7 35.Qxf8+ Kd7 36.Qb8 Nxh5
37.Qxa7+ Kd6 38.Qxa6 Qe5 39.Qa3+ Kd7 40.e4 fxe4 41.Nf7 Qc7 42.Qc3 c5 43.Qa3 Qxg3+
44.Qxg3 Nxg3 45.Kxg3 c4 46.Ng5 Kd6 47.Kf4 e5+ 48.Ke3 Ra7 49.Nf7+ Kc5 50.Nxe5 Ra3+
51.Kf4 Rh3 52.a4 Ra3 53.Nd7+ Kd4 54.Rd2+ Rd3 55.Ra2 Rf3+ 56.Kg4 c3 57.a5 Rf7
58.Ra4+ Ke3 59.Nb6 d4 60.Nd5+ Kd3 61.Nf4+ Kd2 62.Rxd4+ Ke3 63.Rc4 Rxf4+ 64.Kg5 Rf8
65.Rxc3+ Kd2 66.Rc7 e3 67.Rd7+ Ke1 68.a6 e2 69.a7 Kf1 70.Rf7+ Rxf7 71.a8=Q e1=Q
72.Qh1+ Ke2 73.Qe4+ Kf2 74.Qh4+  1/2-1/2

[Event "Hrokurinn Rapid"]
[Site "Reykjavic ISL"]
[Date "2004.03.03"]
[Round "7"]
[White "Nikolic,Pr"]
[Black "Lautier,J"]
[Result "1/2-1/2"]
[WhiteElo "2648"]
[BlackElo "2676"]

1.d4 d5 2.c4 c6 3.Nc3 Nf6 4.cxd5 cxd5 5.Bf4 Nc6 6.e3 a6 7.Nf3 Bg4 8.h3 Bxf3
9.Qxf3 e6 10.Bd3 Bd6 11.Bg5 h6 12.Bxf6 Qxf6 13.Qxf6 gxf6 14.f4 Ke7 15.Rc1 Rac8
16.Kf2 Na5 17.Rc2 Rc7 18.Rhc1 Rhc8 19.Na4 Rxc2+ 20.Rxc2 Rxc2+ 21.Bxc2 Nc6
22.g4 b5 23.Nc3 Bb4 24.Kf3 Na5 25.Ke2 Bxc3 26.bxc3 Nc4 27.e4 dxe4 28.Bxe4 Kd6
29.h4 Kc7 30.Kd3 Nb2+ 31.Kc2 Nc4 32.Bf3 Ne3+ 33.Kd3 Nd5 34.Bxd5 exd5 35.Kc2 f5
36.g5 h5 37.Kb3  1/2-1/2

[Event "Bundesliga 2003-4"]
[Site "Hamburg GER"]
[Date "2004.03.27"]
[Round "12"]
[White "Nikolic,Pr"]
[Black "Ftacnik,L"]
[Result "1/2-1/2"]
[WhiteElo "2648"]
[BlackElo "2582"]

1.d4 Nf6 2.Nf3 g6 3.g3 Bg7 4.Bg2 d5 5.O-O O-O 6.c4 dxc4 7.Na3 c3 8.bxc3 c5
9.Qb3 cxd4 10.cxd4 Nc6 11.Rd1 Na5 12.Qb4 b6 13.Ne5 Bb7 14.Bxb7 Nxb7 15.Bb2 e6
16.Rac1 Na5 17.Nac4 Nd5 18.Qd2 Nxc4 19.Rxc4 b5 20.Rc5 a6 21.a4 Nb6 22.axb5 Bxe5
23.dxe5 Qxd2 24.Rxd2 Na4 25.Rc6 axb5 26.Ba3 Rfc8 27.Rdc2 Rxc6 28.Rxc6 Nb6
29.Rxb6 Rxa3 30.Rxb5 g5 31.Kg2 Kg7 32.Rb4 Ra5 33.Re4 Kg6 34.g4 h5 35.h3 hxg4
36.hxg4 Ra3 37.e3 Ra2 38.Rd4 Ra3 39.Rd8 Kg7 40.Rd2 Kg6 41.Kf3 Ra4 42.Rd3 Ra1
43.Kg2 Ra2 44.Kg3 Ra1 45.f4 gxf4+ 46.exf4 Rg1+ 47.Kh3 Rf1 48.Rd4 Rg1 49.Rd6 Kg7
50.Kh4 Rh1+ 51.Kg5 Re1 52.Ra6 Re4 53.Ra5 Re1 54.Kh4 Rh1+ 55.Kg3 Rg1+ 56.Kf3 Rf1+
57.Ke3 Rg1 58.g5 Rb1 59.Ra8 Rb3+ 60.Ke4 Rb4+ 61.Kf3 Rb3+ 62.Kg4 Re3 63.Ra1 Kg6
64.Rh1 Re4 65.Rh6+ Kg7 66.Rf6 Re1 67.Kf3 Rg1 68.Kf2 Rg4 69.Ke3 Rg1 70.Kd4 Rd1+
71.Kc5 Rd5+ 72.Kc6 Rd4 73.Kc7 Ra4 74.Kd7 Ra7+ 75.Kc6 Ra6+ 76.Kb5 Ra7 77.g6 fxg6
78.Kc6 Ra6+ 79.Kd7 Ra7+ 80.Kxe6 Ra6+ 81.Ke7 Ra7+ 82.Kd8 Ra8+ 83.Kc7 Ra4 84.Kb6 Re4
85.Kc5 g5 86.Rf5 Rxf4 87.Rxg5+ Kf7 88.Kd5 Ra4 89.Rf5+ Ke7 90.Rh5 Ra5+ 91.Kc4 Ra6
92.Rh7+ Ke8 93.Kd5 Rb6 94.Ra7 Rh6  1/2-1/2

[Event "Bundesliga 2003-4"]
[Site "Wattenscheid GER"]
[Date "2004.04.24"]
[Round "14"]
[White "Kindermann,S"]
[Black "Nikolic,Pr"]
[Result "1/2-1/2"]
[WhiteElo "2542"]
[BlackElo "2648"]

1.e4 e5 2.Nf3 Nc6 3.Bb5 a6 4.Bxc6 dxc6 5.O-O Ne7 6.Nxe5 Qd4 7.Qh5 g6 8.Qg5 Bg7
9.Nd3 f5 10.e5 c5 11.b3 b6 12.Bb2 Qg4 13.Qe3 Nd5 14.Qe1 Bb7 15.f3 Qg5 16.Nc3  1/2-1/2

[Event "5th IECC"]
[Site "Antalya TUR"]
[Date "2004.05.15"]
[Round "1"]
[White "Van der Stricht,G"]
[Black "Nikolic,Pr"]
[Result "0-1"]
[WhiteElo "2450"]
[BlackElo "2648"]

1.d4 d5 2.c4 c6 3.Nc3 e5 4.dxe5 d4 5.Ne4 Qa5+ 6.Bd2 Qxe5 7.Ng3 Nf6 8.Nf3 Qd6
9.Qc2 Be7 10.O-O-O O-O 11.e3 dxe3 12.fxe3 Na6 13.Bc3 Qc7 14.a3 Ng4 15.Re1 Bf6
16.h3 Nxe3 17.Rxe3 Qxg3 18.Bxf6 gxf6 19.Qd2 Be6 20.Nd4 Qf4 21.Nxe6 fxe6 22.Rxe6 Qxd2+
23.Kxd2 Nc5 24.Re7 Rfe8 25.Rxe8+ Rxe8 26.Rg1 Kg7 27.Be2 f5 28.Bf3 Kf6 29.Kc2 Rd8
30.Re1 a5 31.b4 axb4 32.axb4 Nd3 33.Rb1 Ne5 34.Be2 Rg8 35.Bf1 Ng6 36.Ra1 Nf4
37.Ra7 Rg7 38.Ra8 Re7 39.Rf8+  0-1

[Event "5th IECC"]
[Site "Antalya TUR"]
[Date "2004.05.16"]
[Round "2"]
[White "Nikolic,Pr"]
[Black "Guseinov,G"]
[Result "1/2-1/2"]
[WhiteElo "2648"]
[BlackElo "2548"]

1.d4 Nf6 2.Nf3 g6 3.g3 Bg7 4.Bg2 O-O 5.O-O d5 6.Nbd2 c6 7.b3 Ne4 8.Bb2 Bf5
9.Nh4 Nxd2 10.Qxd2 Be6 11.e4 dxe4 12.Bxe4 Bd5 13.Bd3 Be6 14.Be4 Bd5 15.Bd3 Be6
16.Be4  1/2-1/2

[Event "5th IECC"]
[Site "Antalya TUR"]
[Date "2004.05.21"]
[Round "6"]
[White "Nikolic,Pr"]
[Black "Nedev,T"]
[Result "1-0"]
[WhiteElo "2648"]
[BlackElo "2489"]

1.d4 Nf6 2.Nf3 g6 3.g3 Bg7 4.Bg2 d5 5.O-O O-O 6.c4 dxc4 7.Na3 c3 8.bxc3 c5
9.e3 Nc6 10.Qe2 Nd5 11.Bb2 Nb6 12.Rab1 Bf5 13.e4 Bg4 14.d5 Ne5 15.c4 e6 16.Rfc1 Rc8
17.Qe3 Bxf3 18.Bxf3 Re8 19.Bg2 exd5 20.cxd5 c4 21.Qd2 Nd3 22.Bxg7 Kxg7 23.Rc2 Nc5
24.Nxc4 Nxe4 25.Bxe4 Rxe4 26.Nxb6 axb6 27.Rxc8 Qxc8 28.d6 Qd7 29.Rc1 Re6
30.Qd4+ Kh6 31.Rd1 b5 32.h4 f6 33.Qd5 Kg7 34.Qxe6  1-0